000 01857nam a2200397 c 4500
003 BLK
005 20180422115700.0
008 180411b bul|||||r ||||||| ||bul||
010 _aKNG00198944000
020 _a978-954-322-837-9
_bиздат.: Акад. изд. Проф. Марин Дринов
040 _aBLK
041 _aBUL
_cBUL
072 7 _2bullib
_aН82
_xЛитературознание Н
080 _aЛитературна критика
_b82.09
_x(497.2)(092)
_z82.09(497.2)(092)
080 _aБългарска литература
_b821.163.2
_x-95
_z821.163.2-95
080 _aВладимир Василев Матеев. Български литературен критик
_b929 Василев, Владимир
_x
_z929 Василев, Владимир
100 1 _aРадев, Иван Николов
_eпърви автор
_9363332
139 _aРадев, Иван Николов
_bВ 25
245 1 0 _aНизвергнатият Владимир Василев
_bСтраници от него и за него
_cИван Николов Радев.
257 _aBGR
260 София
_bАкад. изд. Проф. Марин Дринов
_c2016
300 _a286 с.
_bс факс., портр.
_c21 см
380 _a82
500 _aБележки: с. 282-285. - Биогр. данни за авт. отбелязани на гърба на кор.
600 1 4 _aВасилев, Владимир
_9270041
650 4 _aЛитературна критика, българска - история
_9244400
653 _aлитературна критика
653 _aистория
653 _aБългария
659 _aН
852 _aЦб 283940
856 4 _qpdf
_u
856 4 _qpdf
_u
942 _cKNG
_n0
944 _aCR
_c05.01.2017
_kВиолета_Тройчева
944 _aED
_c31.01.2017
_kГрета_Цуфелде
999 _c189894
_d189894